Richest states in Mexico - Statistics

General Stats
  • This quiz has been taken 14 times
  • The average score is 8 of 10
Answer Stats
Hint Answer % Correct
$23,514 Mexico City
100%
$19,882 Nuevo Leon
100%
$17,711 Sonora
100%
$14,542 Baja California
92%
$15,652 Baja California Sur
92%
$13,718 Chihuahua
83%
$16,096 Coahuila
83%
$13,142 Queretaro
67%
$28,359 Campeche
58%
$15,161 Tabasco
42%
No matching quizzes found
Score Distribution
Percent of People with Each Score
Percentile by Number Answered
Your Score History
You have not taken this quiz